Ingathering; (Record no. 32478)

MARC details
000 -LEADER
fixed length control field 00533cam a22002051 4500
001 - CONTROL NUMBER
control field he 67001277
003 - CONTROL NUMBER IDENTIFIER
control field DLC
005 - DATE AND TIME OF LATEST TRANSACTION
control field 20260227111448.0
008 - FIXED-LENGTH DATA ELEMENTS--GENERAL INFORMATION
fixed length control field 740123s1966 is c 000 0 eng
010 ## - LIBRARY OF CONGRESS CONTROL NUMBER
LC control number he 67001277
025 ## - OVERSEAS ACQUISITION NUMBER
Overseas acquisition number PL480:Is-4667
040 ## - CATALOGING SOURCE
Original cataloging agency DLC
Transcribing agency DLC
Modifying agency DLC
050 00 - LIBRARY OF CONGRESS CALL NUMBER
Classification number BM45
Item number .S455
100 1# - MAIN ENTRY--PERSONAL NAME
Personal name Shachter, Jacob,
Dates associated with a name 1887-1971.
245 10 - TITLE STATEMENT
Title Ingathering;
Remainder of title collected papers, essays, and addresses.
260 ## - PUBLICATION, DISTRIBUTION, ETC.
Place of publication, distribution, etc. Jerusalem
Date of publication, distribution, etc. [1966?]
300 ## - PHYSICAL DESCRIPTION
Extent 191 p.
Other physical details port.
Dimensions 23 cm.
350 ## - PRICE (NR) (BK AM CF MU VM SE) [OBSOLETE]
Price IL10.00
650 #0 - SUBJECT ADDED ENTRY--TOPICAL TERM
Topical term or geographic name entry element Judaism.

No items available.

Powered by Koha